| 000 | 00706nam a22002177a 4500 | ||
|---|---|---|---|
| 001 | 74795 | ||
| 003 | BD-RjUL | ||
| 005 | 20211209082614.0 | ||
| 008 | 181206s1952 N af||| |||| 00| 0 eng d | ||
| 035 | _a(BD-RjUL)75013 | ||
| 040 |
_aBD-RjUL _beng _cBD-RjUL |
||
| 041 | _aeng | ||
| 082 |
_223 _a739.7 _bMUM 1952 |
||
| 110 |
_aMuseum of Historical Arms (Miami Beach, Fla.) _9225629 |
||
| 245 | 1 | 0 |
_aMuseum of Historical Arms / _cMuseum of Historical Arms (Miami Beach, Fla.) |
| 260 |
_aMiami Beach, FL. : _bThe Museum, _c©1952. |
||
| 300 |
_a216 pages : _billustrations ; _c18 cm |
||
| 650 |
_aAdjustable rate mortgages -- Catalogs. _9225630 |
||
| 650 |
_aWeapons _v Catalogs. _9225631 |
||
| 942 |
_2ddc _cBK |
||
| 999 |
_c74795 _d74795 |
||